LEADER 01168nam a2200277 i 4500 001 000000202010 003 CaOOAMICUS 005 20141003000000.0 008 141003s1949 it u000 u lat u 013 $a180716 040 $aSeMil$bita 100 1 $aMerkelbach, Benedictus Henricus.$0(OLS)http://semarc/name/1457 245 10$aQuaestiones de variis poenitentium categoriis /$cquas in utilitatem cleri collegit Ben. Merkelbach. 250 $aEd. 3. aucta et emendata. 260 $aLiège :$bLa pensèe catholique,$cimprim. 1949. 300 $a195 p. ;$c22 cm. 490 0 $aQuaestiones pastorales ;$v3 500 $aFondo card. Giovanni Colombo. 650 4$aPenitenza - Pastorale.$0(OLS)http://semarc/subject/5177 830 0$aQuaestiones pastorales ;$v3.$0(OLS)http://semarc/title/40922 850 $aSeMil 852 $aSeMil$W1$xVenegono$y1$m3GC IV 101$j152536$B152536$CSeMilBibl$Z2$F163612 $8B 941 1 $a3 961 $aLascito: Colombo Card. Giovanni 996 $6245$aQuaestiones de variis poenitentium categoriis$9(OLS)http://semarc/title/292416 996 $6260$aLiège :$bLa pensèe catholique$9(OLS)http://semarc/publisher/35864 LEADER 01311nam a2200301 i 4500 001 000000344121 003 CaOOAMICUS 005 20260407123246.0 008 210202s1986 fr f u001 u fre u 013 $a202546 040 $aSeMil$bita 100 1 $aStendhal,$d<1783-1842>.$0(OLS)http://semarc/name/1317 240 10$aChroniques italiennes.$0(OLS)http://semarc/title/320670 245 10$aChroniques italiennes /$cStendhal ; suivies de Vanina Vanini ; Textes présentés et commentés par Robert André ; illustrations de Raymond Moretti. 260 $aParis :$bImprimerie Nationale,$c1986. 300 $a387 p. :$bill. ;$c23 cm 490 0 $aLettres françaises 700 1 $aVanini, Vanina.$0(OLS)http://semarc/name/112959 700 1 $aAndré, Robert.$0(OLS)http://semarc/name/112960 700 1 $aMoretti, Raymond,$eillustratore.$0(OLS)http://semarc/name/112961 830 0$aLettres françaises.$0(OLS)http://semarc/title/429321 850 $aSeMil 852 $aSeMil$W1$xVenegono$y1$m1V IV 323$j224016$B235159$CSeMilBibl$Z2$F235159 $81 941 1 $a8 961 $aFondo mons. Pasquale Macchi 996 $6245$aChroniques italiennes$9(OLS)http://semarc/title/433199 996 $6260$aParis :$bImprimerie Nationale$9(OLS)http://semarc/publisher/33138